01010nam a22002657a 4500001001000000003000500010005001700015008004100032010001100073011001100084035001100095040000900106100003200115245016500147260005100312500006000363502012100423650001400544650003900558650001100597650002900608650001300637650003000650856006400680000104216CHAP20220329143716.0110317s2011 mx r 00010 spa d a100678 a101650 a112338 cCHAP1 aGameros Cossio, Sugem Belem10aÍndice de bioacumulación de plomo en nopal (Opuntia Megacantha salm- dyck) y Huizache (Acacia farnesiana L.)h[En línea]c/por Sugem Belem Gameros Cossio. aBermejillo, Durango Méx. :bEl autor,c2011. aPara ver el contenido del material haga clic en la liga aTesis (Ing. Agr. en Sistemas Agrícolas de Zonas Áridas) -- UACH. Unidad Regional Universitaria de Zonas Áridas14aHuizache.14aMetales pesadosxEfecto en suelos.14aNopal.14aNopalxComarca Lagunera.14aOpuntia.14aPlomoxEfecto en plantas. 3Finding aiduhttp://10.13.5.2/tesis/112338.pdfzTeclea aqui